| 000 | 00699cam a22002291 4500 | ||
|---|---|---|---|
| 001 | he 68002659 | ||
| 003 | DLC | ||
| 005 | 20260227111502.0 | ||
| 008 | 710901s1968 is 100 0 eng | ||
| 010 | _ahe 68002659 | ||
| 025 | _aPL480:Is-8048 | ||
| 040 |
_aDLC _cDLC _dDLC |
||
| 050 | 0 | 0 |
_aDS149 _b.A3946 |
| 082 | 0 | 0 | _a956.94/001 |
| 110 | 2 |
_aWorld Zionist Organization. _bInformation Department. |
|
| 245 | 1 | 0 |
_aFacts and figures; _bsummary of reports submitted to the 27th Zionist Congress, Jerusalem, Sivan 5728, June 1968. |
| 260 |
_a[Jerusalem, _c1968] |
||
| 300 |
_a84 l. _c28 cm. |
||
| 350 | _aN.T. | ||
| 500 | _aCover title. | ||
| 711 | 2 |
_aZionist Congress _n(27th : _c1968 : _dJerusalem) |
|
| 999 |
_c33666 _d33666 |
||